000 02461cam a2200517 a 4500
001 7804337
003 ARRUPE
005 20130917113342.0
008 090904s2010 inua b 001 0beng
010 _a 2009037116
020 _a9780253354136 (cloth : alk. paper)
020 _a0253354137 (cloth : alk. paper)
020 _a9780253221513 (pbk. : alk. paper)
020 _a025322151X (pbk. : alk. paper)
024 _a40017924917
035 _a(OCoLC)313659212
_z(OCoLC)429980303
035 _a(OCoLC)ocn313659212
035 _a(NNC)7804337
040 _aDLC
_cDLC
_dYDX
_dBTCTA
_dYDXCP
_dUKM
_dOrLoB-B
041 1 _aeng
_hfre
043 _af-sg---
_ae-fr---
050 0 0 _aPQ3989.S46
_bZ6613 2010
082 0 0 _a843/.914
_aB
_222
100 1 _aGadjigo, Samba,
_d1954-
_9204
240 1 0 _aOusmane Sembène.
_lEnglish
245 1 0 _aOusmane Sembène :
_bthe making of a militant artist /
_cSamba Gadjigo ; translated by Moustapha Diop ; with a foreword by Danny Glover.
260 _aBloomington :
_bIndiana University Press,
_cc2010.
300 _axxvi, 188 p. :
_bill. ;
_c24 cm.
500 _aTranslation of: Ousmane Sembène : une conscience africaine : genèse d'un destin hors du commun. Paris : Homnisphères, c2007.
504 _aIncludes bibliographical references and index.
505 0 0 _g1.
_tCasamance --
_g2.
_tAt the Crossroads of Cultures --
_g3.
_tYouth and Its Discontents --
_g4.
_tColonial Violence --
_g5.
_tThe Lebu Ghettos of Dakar Plateau --
_g6.
_tThe World of Labor --
_g7.
_tThe Experience of Racism --
_g8.
_t"Here We Come, Marshal!" --
_g9.
_tThe Winds of Change --
_g10.
_tThe Moment of Truth --
_g11.
_t"The Village" --
_g12.
_tThe Docker --
_g13.
_tThe Militant --
_g14.
_tThe Fire-Giver.
600 1 0 _aSembène, Ousmane,
_d1923-2007.
_9205
600 1 0 _aSembène, Ousmane,
_d1923-2007
_xPolitical and social views.
_9206
650 0 _aAuthors, Senegalese
_y20th century
_vBiography.
_9207
650 0 _aMotion picture producers and directors
_zSenegal
_vBiography.
_9208
650 0 _aSenegalese literature (French)
_xHistory and criticism.
_9209
650 0 _aPostcolonialism
_xSocial aspects
_zSenegal.
_9210
651 0 _aSenegal
_xIntellectual life.
_9211
651 0 _aSenegal
_xColonial influence.
_9212
651 0 _aCasamance (Senegal)
_vBiography.
_9213
651 0 _aMarseille (France)
_vBiography.
_9214
900 _bTOC
942 _2lcc
_cMONOGRAPH
948 1 _a20100615
_bc
_cas2107
_dMPS
948 1 _a20100805
_bc
_csl13
_dMPS
999 _c117799
_d117799